Postavenie Slovenska v zoskupení Vyšehradskej štvorky diplomová práca

Saved in:
Bibliographic Details
Main Author: Farkaš, Denis
Corporate Author: Obchodná fakulta EU. Katedra medzinárodného obchodu
Other Authors: Kašťáková, Elena, 1974-
Format: Book
Language:Slovak
Published: Bratislava 2020
Tags: Add Tag
No Tags, Be the first to tag this record!

MARC

LEADER 00000nbm a2200000 4500
001 0266331
005 20201008083144.9
041 0 |a slo 
044 |a SK 
245 1 0 |a Postavenie Slovenska v zoskupení Vyšehradskej štvorky  |b diplomová práca  |c Denis Farkaš ; školiteľ: Elena Kašťáková 
264 1 |a Bratislava  |c 2020 
300 |a 67 s. 
100 1 |a Farkaš, Denis 
700 1 |a Kašťáková, Elena, 1974- 
710 2 |a Obchodná fakulta EU. Katedra medzinárodného obchodu